MARC details
| 000 -LEADER |
| fixed length control field |
03518cam a22004338i 4500 |
| 001 - CONTROL NUMBER |
| control field |
on1235901772 |
| 005 - DATE AND TIME OF LATEST TRANSACTION |
| control field |
20210412154457.0 |
| 006 - FIXED-LENGTH DATA ELEMENTS--ADDITIONAL MATERIAL CHARACTERISTICS--GENERAL INFORMATION |
| fixed length control field |
m d | | |
| 007 - PHYSICAL DESCRIPTION FIXED FIELD--GENERAL INFORMATION |
| fixed length control field |
cr ||||||||||| |
| 008 - FIXED-LENGTH DATA ELEMENTS--GENERAL INFORMATION |
| fixed length control field |
210129s2021 nyu o 000 0aeng |
| 010 ## - LIBRARY OF CONGRESS CONTROL NUMBER |
| LC control number |
2021004335 |
| 020 ## - INTERNATIONAL STANDARD BOOK NUMBER |
| International Standard Book Number |
9780593237250 |
| Qualifying information |
(ebook) |
| 020 ## - INTERNATIONAL STANDARD BOOK NUMBER |
| International Standard Book Number |
0593237250 |
| 035 ## - SYSTEM CONTROL NUMBER |
| System control number |
(OCoLC)1235901772 |
| 035 ## - SYSTEM CONTROL NUMBER |
| System control number |
(odd)DA03215A-A70E-4679-AD9C-7FFFE15F3C5C |
| 037 ## - SOURCE OF ACQUISITION |
| Stock number |
DA03215A-A70E-4679-AD9C-7FFFE15F3C5C |
| Source of stock number/acquisition |
OverDrive, Inc. |
| Note |
http://www.overdrive.com |
| 040 ## - CATALOGING SOURCE |
| Original cataloging agency |
DLC |
| Language of cataloging |
eng |
| Description conventions |
rda |
| Transcribing agency |
DLC |
| Modifying agency |
OCLCO |
| -- |
MLSOD |
| -- |
OCLCF |
| -- |
TEFOD |
| 042 ## - AUTHENTICATION CODE |
| Authentication code |
pcc |
| 049 ## - LOCAL HOLDINGS (OCLC) |
| Holding library |
UOKA |
| 050 00 - LIBRARY OF CONGRESS CALL NUMBER |
| Classification number |
ML420.C25555 |
| 082 00 - DEWEY DECIMAL CLASSIFICATION NUMBER |
| Classification number |
782.42164/092 |
| -- |
B |
| Edition number |
23 |
| 092 ## - LOCALLY ASSIGNED DEWEY CALL NUMBER (OCLC) |
| Classification number |
EBOOK OVERDRIVE |
| 100 1# - MAIN ENTRY--PERSONAL NAME |
| Personal name |
Carlile, Brandi |
| Relator term |
author. |
| 9 (RLIN) |
6413354 |
| 245 10 - TITLE STATEMENT |
| Title |
Broken horses / |
| Statement of responsibility, etc |
Brandi Carlile. |
| 263 ## - PROJECTED PUBLICATION DATE |
| Projected publication date |
2104 |
| 264 #1 - Production, Publication, Distribution, Manufacture, and Copyright Notice. |
| Place of production, publication, distribution, manufacture |
New York : |
| Name of producer, publisher, distributor, manufacturer |
Crown, |
| Date of production, publication, distribution, manufacture, or copyr |
2021. |
| 300 ## - PHYSICAL DESCRIPTION |
| Extent |
1 online resource |
| 336 ## - Content Type |
| Content type term |
text |
| 337 ## - Media type |
| Media type term |
computer |
| 338 ## - Carrier type |
| Carrier type term |
online resource |
| 520 ## - SUMMARY, ETC. |
| Summary, etc |
"Brandi Carlile was born into a musically gifted, impoverished family on the outskirts of Seattle and grew up in a constant state of change, moving from house to house, trailer to trailer, fourteen times in as many years. Though imperfect in every way, her dysfunctional childhood was as beautiful as it was strange, and as nurturing as it was difficult. At the age of five, Brandi contracted bacterial meningitis, which almost took her life, leaving an indelible mark on her formative years and altering her journey into young adulthood. As an openly gay teenager, Brandi grappled with the tension between her sexuality and her faith when her pastor publicly refused to baptize her on the day of the ceremony. Shockingly, her small town rallied around Brandi in support and set her on a path to salvation where the rest of the misfits and rejects find it: through twisted, joyful, weird, and wonderful music. In Broken Horses, Brandi Carlile takes readers through the events of her life that shaped her very raw art-from her start at a local singing competition where she performed Elton John's "Honky Cat" in a bedazzled white polyester suit, to her first break opening for Dave Matthews Band, to many sleepless tours over fifteen years and six studio albums, all while raising two children with her wife, Catherine Shepherd. This hard-won success led her to collaborations with personal heroes like Elton John, Dolly Parton, Mavis Staples, Pearl Jam, Tanya Tucker, and Joni Mitchell, as well as her peers in the supergroup The Highwomen, and ultimately to the Grammy stage, where she converted millions of viewers into instant fans. Evocative and piercingly honest, Broken Horses is at once an examination of faith through the eyes of a person rejected by the church's basic tenets and a meditation on the moments and lyrics that have shaped the life of a creative mind, a brilliant artist, and a genuine empath on a mission to give back"-- |
| 600 10 - SUBJECT ADDED ENTRY--PERSONAL NAME |
| Personal name |
Carlile, Brandi |
| 9 (RLIN) |
6413354 |
| 650 #0 - SUBJECT ADDED ENTRY--TOPICAL TERM |
| Topical term or geographic name as entry element |
Singers |
| Geographic subdivision |
United States |
| Form subdivision |
Biography |
| 9 (RLIN) |
5674226 |
| 655 #0 - INDEX TERM--GENRE/FORM |
| Genre/form data or focus term |
Electronic books. |
| 9 (RLIN) |
5673708 |
| 776 08 - ADDITIONAL PHYSICAL FORM ENTRY |
| Display text |
Print version: |
| Main entry heading |
Carlile, Brandi. |
| Title |
Broken horses |
| Place, publisher, and date of publication |
New York : Crown, 2021. |
| International Standard Book Number |
9780593237243 |
| Record control number |
(DLC) 2021004334 |
| 856 40 - ELECTRONIC LOCATION AND ACCESS |
| Uniform Resource Identifier |
<a href="http://link.overdrive.com/?websiteId=83&titleId=5650879">http://link.overdrive.com/?websiteId=83&titleId=5650879</a> |
| Link text |
Click here to access this electronic item |
| 856 4# - ELECTRONIC LOCATION AND ACCESS |
| Materials specified |
Excerpt |
| Uniform Resource Identifier |
<a href="https://samples.overdrive.com/?crid=da03215a-a70e-4679-ad9c-7fffe15f3c5c&.epub-sample.overdrive.com">https://samples.overdrive.com/?crid=da03215a-a70e-4679-ad9c-7fffe15f3c5c&.epub-sample.overdrive.com</a> |
| 942 ## - ADDED ENTRY ELEMENTS (KOHA) |
| Source of classification or shelving scheme |
Dewey Decimal Classification |
| Koha item type |
BOOK |